00670 2200253 4500001002100000005001700021008004100038020001800079035002400097082001400121090001900135100001900154245006200173250001100235260003500246300002500281500003000306650001800336700001400354850001200368980001500380985000600395999001500401YOGYA-0209000005958820090227034651.0 ind  a979-8031-17-2 0010-020900000059588 a6a661.806 a661.806bHar T aHARRIS, Ruslan aTanaman minyak atsiricRuslan Harris; ilustrasi J. Sugito aCet. 4 aJakartabPenebar Swadayac1993 a172 hlmbilusc21 cm aBibliografi: hlm. 150-151 aMinyak Atsiri aSugito, J aYOPDYOG a25-08-2008 a1 a95P0063474